000 00644nam a2200217 a 4500
001 BRCA_7075
005 20190320205714.0
008 071211s1900----gw-#######---#000-0#ger-#b.G64 2c1900
245 1 0 _aGoethes Faust
_ctextrevision von Hans Gerhard Gräf
250 _a2
260 _aLeipzig
_bInselverlag
_c[1---?]
300 _a572 p.
_c17 cm.
500 _aTítulo encubierta: Goethes Faust gesamtausgabe
500 _aEstado físico: lomo y cubiertas desprendidas
500 _aVer también O33
500 _aO43
650 1 4 _aLiteratura Alemana
_96160
700 1 _aGräf, Hans Gerhard
_etx.
_917591
902 _aGFM
942 _2lcc
_cB
999 _c6756
_d6756